000 01016nam a2200301 c 4500
001 57711
003 CO-BoRNBP
005 20250725164213.0
007 ta
008 200115s2019 ck ad gr 000 0 spa d
022 _a24220833
040 _aCO-BoRNBP
_bspa
_erda
_cCO-BoRNBP
041 0 _aspa
082 0 4 _a342.0667
_bQ83c
_223
100 _aQuiroz Monsalvo, Aroldo
_eaut
_961410
245 1 0 _aCartilla manual de litigio estratégico institucional en derecho público y privado /
_cAroldo Quiroz Monsalve.
250 _aPrimera edición
264 1 _aBogotá, Colombia :
_bDefensoría del Pueblo,
_c2019
300 _a119 páginas :
_bilustraciones, gráficas en blanco y negro
336 _atexto
_btxt
_2rdacontent
337 _asin mediación
_bn
_2rdamedia
338 _avolumen
_bnc
_2rdacarrier
521 1 _aRecomendado para público adulto
650 0 7 _aAcción y defensa (derecho)
_2lemb
_922152
650 0 7 _aDerecho procesal
_2lemb
_93881
650 0 7 _aDerecho publico
_2lemb
_961411
942 _2ddc
_cBK
999 _c57711
_d57711